| 000 | 00345nam a2200109Ia 4500 | ||
|---|---|---|---|
| 008 | 171204s9999 xx 000 0 und d | ||
| 245 | _aAll in the Mind: Psychology for the Curious: | ||
| 245 | _cAdrian Furnham and Dimitrios Tsivrikos | ||
| 260 | _c2016 | ||
| 650 | _xGENERAL PSYCHOLOGY | ||
| 856 | _uhttp://down.ebook777.com/037/9781119161653.pdf | ||
| 999 |
_c346434 _d346434 |
||